[Event "SR 2. liga A 2004/2005"]
[Site "?"]
[Date "2004.12.19"]
[Round "6.4"]
[White "Tokos, Jozef"]
[Black "Cambel, Vladimir"]
[Result "0-1"]
[WhiteElo "2016"]
[BlackElo "2039"]
[PlyCount "120"]
[EventDate "2004.??.??"]

1. c4 Nf6 2. Nc3 g6 3. g3 Bg7 4. Bg2 c5 5. Nf3 d5 6. d4 O-O 7. dxc5 dxc4 8. Qa4
Nd5 9. Qxc4 Nxc3 10. bxc3 Be6 11. Qb4 Nc6 12. Qa3 Na5 13. Nd2 Bd5 14. e4 Nc4
15. Qb4 a5 16. Qb5 Bxc3 17. exd5 Nxd2 18. Bxd2 Bxa1 19. O-O Bd4 20. Bh6 Re8 21.
Rd1 Be5 22. Qxb7 Rb8 23. Qa6 Rb2 24. Qc4 Qc7 25. Be4 Reb8 26. Bc1 R8b4 27. Qd3
Rxa2 28. Be3 Rab2 29. d6 exd6 30. cxd6 Qxd6 31. Qxd6 Bxd6 32. Rxd6 Rxe4 33.
Rd8+ Kg7 34. Bd4+ Rxd4 35. Rxd4 Rb1+ 36. Kg2 Ra1 37. Rd8 a4 38. Rd2 Kf6 39. Re2
h6 40. Kh3 a3 41. Kg2 Rb1 42. Kf3 Rb3+ 43. Kg2 Rb4 44. Kf3 Ra4 45. Ra2 Ke5 46.
Ke3 g5 47. f3 f5 48. Kd3 Kd5 49. Kc3 g4 50. fxg4 fxg4 51. Kd3 h5 52. Kd2 Kc4
53. Kc2 Ra8 54. Ra1 a2 55. Kb2 Kd3 56. Kc1 Ke2 57. Kc2 Kf2 58. Kd3 Kg2 59. Ke3
Kxh2 60. Kf4 Ra5 0-1

[Event "SR 2. liga A 2004/2005"]
[Site "?"]
[Date "2004.12.19"]
[Round "6.5"]
[White "Breja, Stanislav"]
[Black "Hricak, Vasil"]
[Result "0-1"]
[WhiteElo "2131"]
[BlackElo "2014"]
[PlyCount "72"]
[EventDate "2004.??.??"]

1. e4 c5 2. c3 e6 3. d4 d5 4. e5 Nc6 5. Nf3 Qb6 6. a3 cxd4 7. cxd4 Bd7 8. Nc3
Nge7 9. Na4 Qd8 10. Bd3 Ng6 11. O-O Be7 12. Be3 O-O 13. Nc3 Na5 14. Nd2 Rc8 15.
Qe2 a6 16. Nd1 Ba4 17. b4 Nb3 18. Rb1 Nc1 19. Rxc1 Rxc1 20. Nb3 Rc8 21. Nc5
Bxc5 22. bxc5 Bxd1 23. Qxd1 f5 24. exf6 Qxf6 25. Qg4 Rfe8 26. Bg5 Qf7 27. Re1
Rc6 28. Re3 e5 29. Rf3 Qc7 30. dxe5 Qxe5 31. h4 Qe1+ 32. Kh2 Ne5 33. Bxh7+ Kxh7
34. Qh5+ Rh6 35. Bxh6 Nxf3+ 36. Kg3 Qe5+ 0-1

[Event "SR 2. liga A 2004/2005"]
[Site "?"]
[Date "2004.12.19"]
[Round "6.5"]
[White "Gajarsky, Roman"]
[Black "Pribila, Michal"]
[Result "1/2-1/2"]
[WhiteElo "2025"]
[BlackElo "2068"]
[PlyCount "43"]
[EventDate "2004.??.??"]

1. e4 c5 2. c4 Nc6 3. f4 e6 4. Nc3 Nge7 5. Nf3 d5 6. cxd5 exd5 7. e5 d4 8. Ne4
Nd5 9. g3 Bf5 10. d3 Be7 11. Qb3 Rb8 12. Nd6+ Bxd6 13. Qxd5 Be7 14. Qxd8+ Bxd8
15. Bd2 a5 16. h3 h5 17. Rg1 Nb4 18. Bxb4 axb4 19. Nd2 Be6 20. Bg2 Be7 21. Ke2
g6 22. Rgc1 1/2-1/2

[Event "SR 2. liga A 2004/2005"]
[Site "?"]
[Date "2004.12.19"]
[Round "6.5"]
[White "Hecko, Dusan"]
[Black "Puchart, Vladimir"]
[Result "1/2-1/2"]
[WhiteElo "2137"]
[BlackElo "2085"]
[PlyCount "46"]
[EventDate "2004.??.??"]

1. d4 Nf6 2. Nf3 g6 3. c4 Bg7 4. Nc3 O-O 5. g3 d6 6. Bg2 Nbd7 7. O-O e5 8. e4
c6 9. h3 Qb6 10. dxe5 dxe5 11. Qc2 Re8 12. Be3 Qc7 13. b4 b6 14. Rfd1 Bb7 15.
a3 a6 16. Rac1 a5 17. Qb3 axb4 18. axb4 h6 19. Ra1 Rxa1 20. Rxa1 Ra8 21. Rxa8+
Bxa8 22. Qa4 Qb8 23. Nd2 Bb7 1/2-1/2

[Event "SR 2. liga A 2004/2005"]
[Site "?"]
[Date "2004.12.19"]
[Round "6.5"]
[White "Novak, Stanislav"]
[Black "Bednar, Jan"]
[Result "1/2-1/2"]
[WhiteElo "2055"]
[BlackElo "2100"]
[PlyCount "102"]
[EventDate "2004.??.??"]

1. e4 e5 2. Nf3 Nc6 3. Bb5 a6 4. Ba4 Nf6 5. d3 d6 6. c3 Bd7 7. O-O g6 8. h3 Bg7
9. Nbd2 O-O 10. Re1 Qe8 11. Bb3 b5 12. Nf1 Na5 13. Bc2 c5 14. Ng3 Qc8 15. Be3
Qc7 16. Qd2 Rfc8 17. Rad1 Be6 18. Bb1 d5 19. Ng5 Bd7 20. Qe2 d4 21. cxd4 cxd4
22. Bd2 Nc6 23. Rf1 h6 24. Nf3 Be8 25. Nh2 a5 26. h4 b4 27. f4 exf4 28. Bxf4
Qe7 29. h5 a4 30. Bc2 b3 31. axb3 Nb4 32. Rc1 Nxc2 33. Rxc2 axb3 34. Rcc1 Bb5
35. Qd2 Kh7 36. Nf3 Ng4 37. Bg5 Qd6 38. Bf4 Qa6 39. Nh4 Bxd3 40. hxg6+ fxg6 41.
Rfe1 Rxc1 42. Rxc1 Bc2 43. Qb4 d3 44. Rf1 Bxb2 45. Bb8 Bg7 46. Rf7 Qa1+ 47. Nf1
Ra6 48. Qe7 Qd4+ 49. Kh1 b2 50. e5 Nf2+ 51. Kg1 Ng4+ 1/2-1/2

[Event "SR 2. liga A 2004/2005"]
[Site "?"]
[Date "2004.12.19"]
[Round "6.5"]
[White "Rohackova, Veronika"]
[Black "Szollos, Ondrej"]
[Result "0-1"]
[WhiteElo "2056"]
[BlackElo "2101"]
[PlyCount "82"]
[EventDate "2004.??.??"]

1. e4 d6 2. d4 c6 3. f4 Qc7 4. Nf3 Bg4 5. Nc3 Nd7 6. Be3 e5 7. Be2 Ngf6 8. O-O
Be7 9. Qd2 Bxf3 10. Bxf3 O-O 11. Qf2 Ne8 12. dxe5 dxe5 13. f5 b6 14. Na4 b5 15.
Nc3 Nb6 16. Be2 b4 17. Nb1 c5 18. Nd2 c4 19. b3 c3 20. Nc4 Nxc4 21. Bxc4 Nf6
22. Qf3 Bc5 23. Rfe1 Rad8 24. Kh1 Bxe3 25. Rxe3 Rd2 26. Bd3 Qc5 27. h3 h6 28.
Re2 Rxe2 29. Qxe2 Rd8 30. Rg1 Qe7 31. Qe1 Rd4 32. Kh2 Nd7 33. Rf1 Qf6 34. Rf3
Nc5 35. a3 Nxd3 36. cxd3 a5 37. Qa1 Qg5 38. axb4 c2 39. Rf1 Rxd3 40. bxa5 Rd2
41. Rg1 Rxg2+ 0-1

[Event "SR 2. liga A 2004/2005"]
[Site "?"]
[Date "2004.12.19"]
[Round "6.5"]
[White "Sukuba, Zdeno"]
[Black "Farkas, Gabor"]
[Result "1-0"]
[WhiteElo "2102"]
[BlackElo "2072"]
[PlyCount "61"]
[EventDate "2004.??.??"]

1. Nf3 c5 2. c4 Nc6 3. g3 g6 4. Bg2 Bg7 5. O-O e6 6. d3 Nge7 7. Nbd2 O-O 8. Rb1
Rb8 9. Ne4 d6 10. Nc3 a6 11. Qd2 b5 12. b3 b4 13. Na4 Bd7 14. Bb2 e5 15. e3 Na7
16. d4 Bxa4 17. bxa4 Nac6 18. Rfd1 exd4 19. exd4 Qa5 20. d5 Ne5 21. Bxe5 Bxe5
22. Nxe5 dxe5 23. a3 Qxa4 24. axb4 Rbc8 25. d6 Nc6 26. d7 Rb8 27. Ra1 Qxb4 28.
Bxc6 Qxc4 29. Qd5 Qc2 30. Qxe5 Rb2 31. Qf6 1-0

[Event "SR 2. liga A 2004/2005"]
[Site "?"]
[Date "2004.12.19"]
[Round "6.6"]
[White "Kasanicky, Robert"]
[Black "Slamena, Michal"]
[Result "0-1"]
[WhiteElo "2005"]
[BlackElo "2089"]
[PlyCount "98"]
[EventDate "2004.??.??"]

1. e4 e5 2. Bc4 f5 3. Nc3 Nf6 4. d3 Bb4 5. Nge2 c6 6. Bg5 d5 7. exd5 cxd5 8.
Bxf6 gxf6 9. Bb5+ Nc6 10. a3 Bxc3+ 11. Nxc3 d4 12. Bxc6+ bxc6 13. Qh5+ Ke7 14.
Ne2 Be6 15. O-O Qd5 16. f4 Rag8 17. Qh3 e4 18. Rfd1 Rg7 19. b4 Rhg8 20. g3 e3
21. c3 dxc3 22. Nxc3 Qd4 23. Ne2 Qb2 24. Qf1 h5 25. Qf3 Bd5 26. Qxe3+ Kd7 27.
Qd2 Qb3 28. Nd4 Qa4 29. Nxf5 Rg6 30. Re1 Be6 31. Nd4 Bh3 32. Qe2 h4 33. Qe7+
Kc8 34. Re3 hxg3 35. Rxg3 Rxg3+ 36. hxg3 Rxg3+ 37. Kh2 Rxd3 38. Qe8+ Kc7 39.
Qe7+ Bd7 40. Qxf6 Rd2+ 41. Kg1 Qa6 42. Qe5+ Kc8 43. Qe3 Rd3 44. Qf2 Qc4 45. Nc2
Qg8+ 46. Kf1 Bh3+ 47. Ke1 Qc4 48. Rd1 Qc3+ 49. Rd2 Rf3 0-1

[Event "SR 2. liga A 2004/2005"]
[Site "?"]
[Date "2004.12.19"]
[Round "6.6"]
[White "Kruppa, Dominik"]
[Black "Mosny, Jaroslav"]
[Result "1/2-1/2"]
[WhiteElo "2032"]
[BlackElo "2046"]
[PlyCount "86"]
[EventDate "2004.??.??"]

1. e4 c5 2. Nf3 d6 3. d4 cxd4 4. Nxd4 Nf6 5. Nc3 a6 6. h3 b5 7. a3 Bb7 8. Bd3
g6 9. Be3 Bg7 10. Qd2 O-O 11. Bh6 Qb6 12. Bxg7 Kxg7 13. Nb3 Rd8 14. Qe2 Nbd7
15. O-O Nc5 16. Nd2 Rac8 17. Kh2 b4 18. Nc4 Qc7 19. Nd5 Nxd5 20. exd5 Nxd3 21.
cxd3 bxa3 22. bxa3 Bxd5 23. Qb2+ Kg8 24. Nb6 Qb7 25. Qd4 Rc5 26. Na4 Rc2 27.
Rab1 Qc6 28. Rb6 Qa8 29. g3 e5 30. Qe3 Bc6 31. Nb2 Rb8 32. Nc4 Rxb6 33. Qxb6
Bb5 34. Qxd6 e4 35. Ne3 Rc6 36. Qd4 exd3 37. Nd5 Qe8 38. Nf6+ Rxf6 39. Qxf6 Qe2
40. Rc1 d2 41. Rc8+ Be8 42. Qd4 d1=Q 43. Rxe8+ Qxe8 1/2-1/2

[Event "SR 2. liga A 2004/2005"]
[Site "?"]
[Date "2004.12.19"]
[Round "6.6"]
[White "Stefan, Oldrich"]
[Black "Deak, Gabriel"]
[Result "1/2-1/2"]
[WhiteElo "2085"]
[BlackElo "2050"]
[PlyCount "57"]
[EventDate "2004.??.??"]

1. d4 d5 2. Nf3 Nf6 3. c4 e6 4. Nc3 Bb4 5. e3 O-O 6. Bd2 b6 7. Be2 dxc4 8. Bxc4
Bb7 9. O-O Nbd7 10. a3 Be7 11. Be2 c5 12. dxc5 Nxc5 13. b4 Nce4 14. Ra2 Rc8 15.
Qa1 Nxd2 16. Rxd2 Qc7 17. Nb5 Qb8 18. Qe5 Qxe5 19. Nxe5 a6 20. Nd6 Rcd8 21.
Rfd1 Bd5 22. Ndc4 Ne4 23. Rc2 Bf6 24. Ng4 b5 25. Nxf6+ Nxf6 26. Nb6 Bb7 27. Rc7
Rxd1+ 28. Bxd1 Rb8 29. Nd7 1/2-1/2

[Event "SR 2. liga A 2004/2005"]
[Site "?"]
[Date "2004.12.19"]
[Round "6.6"]
[White "Syrovy, Ivan"]
[Black "Machalova, Erika"]
[Result "1/2-1/2"]
[WhiteElo "2069"]
[BlackElo "2032"]
[PlyCount "155"]
[EventDate "2004.??.??"]

1. e4 c5 2. Nf3 d6 3. d4 cxd4 4. Nxd4 Nf6 5. Nc3 a6 6. Bd3 b5 7. a3 Bb7 8. O-O
Nbd7 9. f4 e6 10. Qe2 Qc7 11. Bd2 Be7 12. Rae1 Nc5 13. Kh1 Rd8 14. Rf3 Nfd7 15.
Rg3 Bf6 16. Nf3 g6 17. f5 Ne5 18. Bg5 Bxg5 19. Nxg5 Qe7 20. Rf1 Ncd7 21. Qf2
Nb8 22. fxe6 fxe6 23. Qf6 Kd7 24. Rh3 Rde8 25. Nf7 Nxf7 26. Qxf7 Nc6 27. Qf2
Ref8 28. Qb6 Rxf1+ 29. Bxf1 Kc8 30. a4 Rf8 31. Be2 b4 32. Bxa6 Qd7 33. Ne2 Rf7
34. Rf3 Rxf3 35. gxf3 Bxa6 36. Qxa6+ Qb7 37. Qc4 Kd7 38. Nf4 Nd8 39. Nd3 Nc6
40. f4 Qb6 41. Qb5 Qxb5 42. axb5 Nd4 43. Nxb4 Nxb5 44. Kg2 Nc7 45. Kf3 d5 46.
Nd3 Nb5 47. c3 Nd6 48. Nc5+ Ke7 49. e5 Nc4 50. b3 Na3 51. Ke2 Nb5 52. Kd3 Nc7
53. c4 dxc4+ 54. bxc4 h6 55. h4 Ne8 56. Ne4 Ng7 57. Nd6 Kd7 58. Kd4 Kc6 59. Nf7
Nf5+ 60. Ke4 Nxh4 61. Nxh6 Kc5 62. Nf7 Nf5 63. Kd3 Kc6 64. Ng5 Kd7 65. c5 Ne7
66. Nh7 Kc6 67. Nf8 Kd5 68. c6 Nxc6 69. Nxg6 Nd8 70. Ne7+ Kc5 71. Ke4 Kb6 72.
Kf3 Kc7 73. Kg4 Kd7 74. Ng8 Ke8 75. Kg5 Kf7 76. Nf6 Nc6 77. Ne4 Nd4 78. Nd6+ {
zaver sa nedal zrekonstruovat} 1/2-1/2

[Event "SR 2. liga A 2004/2005"]
[Site "?"]
[Date "2004.12.19"]
[Round "6.6"]
[White "Varga, David"]
[Black "Mandak, Miroslav"]
[Result "1-0"]
[WhiteElo "2044"]
[BlackElo "2051"]
[PlyCount "129"]
[EventDate "2004.??.??"]

1. e4 c5 2. f4 d6 3. Nf3 Nc6 4. Nc3 a6 5. d4 cxd4 6. Nxd4 Nf6 7. h3 e6 8. Nb3
b5 9. a3 Bb7 10. Be2 Be7 11. Be3 O-O 12. O-O Qc7 13. Bf3 Rfd8 14. Qe2 Rac8 15.
Rfd1 Nd7 16. Qf2 Nc5 17. Rd2 Nd7 18. Rad1 Na5 19. Nxa5 Qxa5 20. Bg4 b4 21. axb4
Qxb4 22. e5 d5 23. Rd3 Ba8 24. Rb1 Rc4 25. Nd1 Nc5 26. Ra3 Ne4 27. Qe2 Qb7 28.
Rb3 Qc7 29. c3 Rb8 30. Rxb8+ Qxb8 31. Qc2 Bc5 32. Be2 Bxe3+ 33. Nxe3 Qb6 34.
Qd3 Rc8 35. Kh2 Bb7 36. Bf3 Nc5 37. Qe2 Na4 38. Ra1 Bc6 39. Nd1 Bb5 40. Qc2 Nc5
41. Nf2 Bc4 42. b4 Nd7 43. Qd2 Qc7 44. Nd1 Bb5 45. Be2 Nb6 46. Bxb5 axb5 47.
Qd3 Nc4 48. Qd4 h6 49. Ra7 Qb8 50. Nf2 Rc6 51. Nd3 Nb6 52. Ra6 Qb7 53. Nc5 Qc7
54. Ra5 Na4 55. Rxb5 Nb2 56. Ra5 g6 57. Qf2 Nc4 58. Ra8+ Kh7 59. Qh4 g5 60. Qg3
Qe7 61. h4 f6 62. exf6 Qxf6 63. hxg5 hxg5 64. Qh3+ Qh6 65. Rh8+ 1-0

[Event "SR 2. liga A 2004/2005"]
[Site "?"]
[Date "2004.12.19"]
[Round "6.7"]
[White "Diviak, Rastislav"]
[Black "Hagara, Vladimir"]
[Result "1/2-1/2"]
[WhiteElo "1899"]
[BlackElo "1980"]
[PlyCount "113"]
[EventDate "2004.??.??"]

1. e4 c6 2. d4 d6 3. Nc3 Nf6 4. Nf3 Bg4 5. Be2 Nbd7 6. O-O e5 7. Be3 Be7 8. Qd2
O-O 9. Rfd1 Re8 10. dxe5 dxe5 11. h3 Bxf3 12. Bxf3 Qc7 13. Ne2 Nc5 14. Ng3 Rad8
15. Qc3 b6 16. Qe1 Ne6 17. c3 Bc5 18. Bxc5 Nxc5 19. Qe3 Ne6 20. Ne2 Rxd1+ 21.
Rxd1 Rd8 22. Rd3 h6 23. g3 Nc5 24. Rxd8+ Qxd8 25. Nc1 Qd7 26. Kh2 Kf8 27. Bg2
Ne6 28. f3 Qd1 29. Nd3 Nd7 30. f4 f6 31. Bf3 Qc2+ 32. Qe2 Qxe2+ 33. Bxe2 exf4
34. gxf4 Ke7 35. Kg3 a5 36. Kf3 Nec5 37. Ke3 g5 38. b3 Nxd3 39. Bxd3 h5 40. Be2
h4 41. Bg4 Nc5 42. Be2 Ne6 43. fxg5 fxg5 44. Bg4 Kf6 45. Bxe6 Kxe6 46. Kf3 b5
47. Kg4 Ke5 48. Kxg5 Kxe4 49. Kxh4 Kd3 50. Kg4 Kxc3 51. h4 Kb2 52. h5 Kxa2 53.
h6 Kxb3 54. h7 c5 55. h8=Q c4 56. Qe5 Kb4 57. Qb2+ 1/2-1/2

[Event "SR 2. liga A 2004/2005"]
[Site "?"]
[Date "2004.12.19"]
[Round "6.7"]
[White "Isa, Vlastimil"]
[Black "Prielozny, Marek"]
[Result "1/2-1/2"]
[WhiteElo "1986"]
[BlackElo "1990"]
[PlyCount "69"]
[EventDate "2004.??.??"]

1. e4 e6 2. d4 d5 3. Nd2 c5 4. exd5 Qxd5 5. dxc5 Bxc5 6. Ngf3 Nf6 7. Bc4 Qd8 8.
Qe2 a6 9. Nb3 Ba7 10. Bg5 Nbd7 11. Rd1 O-O 12. O-O Qc7 13. Bh4 Nh5 14. Be7 Nf4
15. Qe4 Nf6 16. Bxf6 gxf6 17. g3 Ng6 18. Rd2 f5 19. Qe2 b5 20. Bd3 Bb7 21. Qd1
Qc6 22. Be2 Ne5 23. Kg2 Bb6 24. Nbd4 Qc7 25. Kh3 Ng6 26. Ng5 h6 27. Ngf3 Kh7
28. Nh4 Nxh4 29. gxh4 Rg8 30. Bf3 Rad8 31. Bxb7 Qxb7 32. Qf3 Qxf3+ 33. Nxf3
Rxd2 34. Nxd2 Kg6 35. Rg1+ 1/2-1/2

[Event "SR 2. liga A 2004/2005"]
[Site "?"]
[Date "2004.12.19"]
[Round "6.7"]
[White "Jelenciak, Jozef"]
[Black "Duris, Ivan"]
[Result "1-0"]
[WhiteElo "1910"]
[BlackElo "2035"]
[PlyCount "82"]
[EventDate "2004.??.??"]

1. e4 e6 2. d4 d5 3. Nd2 Nf6 4. e5 Nfd7 5. Bd3 c5 6. c3 Nc6 7. Ne2 cxd4 8. cxd4
Qb6 9. Nf3 Bb4+ 10. Bd2 O-O 11. O-O f6 12. exf6 Nxf6 13. h3 Bd7 14. Be3 Bd6 15.
Nc3 Ne7 16. Ne5 Be8 17. g4 Qxb2 18. Rc1 Qb6 19. Qe2 a6 20. Bb1 Nc6 21. Nf3 Qc7
22. Bg5 Qe7 23. Rfe1 Bd7 24. Qd2 h6 25. Nxd5 Qd8 26. Nxf6+ gxf6 27. Bxh6 Rf7
28. d5 Ne5 29. Nxe5 fxe5 30. Bg6 Rf3 31. Kg2 Ra3 32. Be4 Qh4 33. f3 Bb4 34.
Qxb4 Rxa2+ 35. Bd2 a5 36. Qc3 Rc8 37. Qe3 Rf8 38. Rc2 Ra4 39. Rc7 Bc8 40. Bh7+
Kh8 41. Qxe5+ Qf6 1-0

[Event "SR 2. liga A 2004/2005"]
[Site "?"]
[Date "2004.12.19"]
[Round "6.7"]
[White "Kleman, Miroslav"]
[Black "Fratric, Igor"]
[Result "1-0"]
[WhiteElo "2142"]
[BlackElo "1930"]
[PlyCount "55"]
[EventDate "2004.??.??"]

1. g3 c5 2. Bg2 g6 3. Nf3 Bg7 4. O-O Nc6 5. c3 Qb6 6. Qc2 d5 7. d3 Nf6 8. Nbd2
O-O 9. Rb1 e5 10. a3 e4 11. dxe4 dxe4 12. Ng5 e3 13. fxe3 Bh6 14. Nde4 Ng4 15.
h3 f5 16. hxg4 Ne5 17. Nh3 fxe4 18. Rxf8+ Bxf8 19. Bxe4 Nxg4 20. Nf4 Qf6 21.
Bd2 Bd6 22. Rf1 Qg5 23. Kg2 Nf6 24. Bf3 Qe5 25. c4 Ng4 26. Qd3 Bf5 27. Bd5+ Kf8
28. e4 1-0

[Event "SR 2. liga A 2004/2005"]
[Site "?"]
[Date "2004.12.19"]
[Round "6.7"]
[White "Peska, Juraj"]
[Black "Samko, Karol"]
[Result "1/2-1/2"]
[WhiteElo "1848"]
[BlackElo "2046"]
[PlyCount "34"]
[EventDate "2004.??.??"]

1. c4 Nf6 2. Nc3 e6 3. g3 d5 4. Bg2 c6 5. b3 Be7 6. d4 Nbd7 7. e4 dxe4 8. Nxe4
Nxe4 9. Bxe4 Nf6 10. Bg2 O-O 11. Ne2 Bb4+ 12. Bd2 Qa5 13. a3 Bxd2+ 14. Qxd2
Qxd2+ 15. Kxd2 Rd8 16. Kc2 e5 17. Rhd1 Bf5+ 1/2-1/2

[Event "SR 2. liga A 2004/2005"]
[Site "?"]
[Date "2004.12.19"]
[Round "6.7"]
[White "Povysil, Peter"]
[Black "Puobis, Jozef"]
[Result "0-1"]
[WhiteElo "2078"]
[BlackElo "2061"]
[PlyCount "62"]
[EventDate "2004.??.??"]

1. Nf3 d5 2. c4 d4 3. b4 g6 4. Bb2 Bg7 5. e3 e5 6. exd4 exd4 7. Qa4+ Bd7 8. Qb3
Bf5 9. Bd3 Ne7 10. O-O O-O 11. Na3 Nbc6 12. Nc2 Ne5 13. Bxf5 Nxf3+ 14. Qxf3
Nxf5 15. Qxb7 c5 16. b5 Qa5 17. d3 Qd2 18. Rac1 Qxd3 19. Rfd1 Qe2 20. Re1 Qd2
21. Qd5 Rac8 22. Red1 Qa5 23. Qe4 Qxa2 24. Ba3 Nd6 25. Qd5 Nxb5 26. Rd3 Rfe8
27. Rf3 Rc7 28. Bxc5 Qxc2 29. Rf1 Nc3 30. Qd6 Be5 31. Rxc3 Qxc3 0-1

[Event "SR 2. liga A 2004/2005"]
[Site "?"]
[Date "2004.12.19"]
[Round "6.8"]
[White "Gutdeutsch, Otto"]
[Black "Nepras, Martin"]
[Result "1-0"]
[WhiteElo "2089"]
[BlackElo "1973"]
[PlyCount "97"]
[EventDate "2004.??.??"]

1. e4 e6 2. d4 d5 3. exd5 exd5 4. Nf3 Nf6 5. Bd3 Be7 6. O-O O-O 7. Re1 Bg4 8.
Nbd2 Nbd7 9. Nf1 c5 10. dxc5 Nxc5 11. h3 Bh5 12. Ng3 Nxd3 13. Qxd3 Bg6 14. Qb3
Qc7 15. Nd4 Bc5 16. c3 Rfe8 17. Be3 a6 18. Rad1 Rad8 19. Re2 Ne4 20. Nxe4 Rxe4
21. Nc2 Bh5 22. g4 Bxg4 23. hxg4 Rxg4+ 24. Kf1 Qh2 25. Ke1 Rg1+ 26. Kd2 Bxe3+
27. fxe3 Rg2 28. Rde1 h5 29. Rxg2 Qxg2+ 30. Re2 Qg3 31. Nd4 h4 32. Qd1 Re8 33.
Qe1 Qg4 34. Qf2 Qe4 35. Qf5 Re5 36. Qxe4 dxe4 37. Rh2 g5 38. Ke1 Kg7 39. Rf2
Kg6 40. b4 g4 41. Rf4 f5 42. c4 h3 43. Kf2 Kg5 44. Kg3 a5 45. a3 a4 46. c5 Rd5
47. Rf2 Rd7 48. Rxf5+ Kg6 49. Rf4 1-0

[Event "SR 2. liga A 2004/2005"]
[Site "?"]
[Date "2004.12.19"]
[Round "6.8"]
[White "Jurcak, Marian"]
[Black "Machala, Dusan"]
[Result "1-0"]
[WhiteElo "1879"]
[BlackElo "1350"]
[PlyCount "85"]
[EventDate "2004.??.??"]

1. e4 e5 2. Nf3 Nc6 3. Bb5 Qf6 4. c3 a6 5. Ba4 d6 6. d4 b5 7. Bc2 Bb7 8. Bg5
Qe6 9. d5 Qd7 10. dxc6 Bxc6 11. O-O Be7 12. Nbd2 h6 13. Bxe7 Nxe7 14. a4 O-O
15. axb5 axb5 16. Rxa8 Rxa8 17. Nb3 Rd8 18. Qe2 Ra8 19. Rd1 Qc8 20. Nc1 Ra1 21.
Nd2 Qa8 22. Ndb3 Ra7 23. f3 Ng6 24. g3 f6 25. Nd3 Kh8 26. Nb4 Be8 27. Nd5 Qd8
28. Qf2 Ra2 29. Bb1 Ra4 30. Nc1 Bc6 31. Bc2 Ra6 32. Nd3 Qd7 33. N3b4 Ra8 34.
Kg2 Kg8 35. h3 Kf7 36. Bb3 Kf8 37. Qd2 Ke8 38. Nxc6 Qxc6 39. Nxf6+ gxf6 40. Bd5
Qa6 41. Bxa8 Qxa8 42. Qxh6 Kf7 43. Qh7+ 1-0

[Event "SR 2. liga A 2004/2005"]
[Site "?"]
[Date "2004.12.19"]
[Round "6.8"]
[White "Priam, Stefan"]
[Black "Munk, Lubomir"]
[Result "1-0"]
[WhiteElo "1802"]
[BlackElo "2040"]
[PlyCount "85"]
[EventDate "2004.??.??"]

1. d4 Nf6 2. Bf4 d5 3. e3 c5 4. c3 cxd4 5. cxd4 Qa5+ 6. Nc3 Ne4 7. Bb5+ Bd7 8.
Bxd7+ Nxd7 9. Nge2 g5 10. Bg3 h5 11. f3 Nxg3 12. Nxg3 e6 13. O-O h4 14. Nge2 b5
15. a3 Bd6 16. e4 dxe4 17. fxe4 Qb6 18. Kh1 Qb7 19. Qd3 a6 20. Qf3 Rh7 21. Qg4
Be7 22. Rac1 Nf6 23. Qxg5 Kd7 24. Qf4 Rg8 25. d5 Rg4 26. Qf3 Rhg7 27. Nf4 e5
28. Nd3 Rxg2 29. Nxe5+ Ke8 30. Rg1 Rxg1+ 31. Rxg1 Rxg1+ 32. Kxg1 Bc5+ 33. Kg2
Qe7 34. Nc6 h3+ 35. Qxh3 Qd7 36. Qh8+ Bf8 37. Qxf6 Qg4+ 38. Kf1 Qh3+ 39. Ke1
Qe3+ 40. Ne2 Qb6 41. Qe5+ Kd7 42. Qf5+ Kd6 43. Qxf7 1-0

[Event "SR 2. liga A 2004/2005"]
[Site "?"]
[Date "2004.12.19"]
[Round "6.8"]
[White "Sefcik, Marek"]
[Black "Hertel, Ondrej"]
[Result "1-0"]
[WhiteElo "1961"]
[BlackElo "1911"]
[PlyCount "117"]
[EventDate "2004.??.??"]

1. e4 c6 2. f4 d5 3. Nc3 dxe4 4. Nxe4 Nd7 5. d4 Ngf6 6. Ng5 e6 7. Bd3 h6 8.
N5f3 b6 9. Qe2 Be7 10. Bd2 Bb7 11. O-O-O Qc7 12. f5 Nf8 13. Ne5 Bd6 14. Ngf3
O-O-O 15. g3 c5 16. Nc4 Nd5 17. Nxd6+ Qxd6 18. Rhe1 cxd4 19. Nxd4 Nc7 20. Nb5
Nxb5 21. Bxb5 Qc5 22. Bc3 Rxd1+ 23. Rxd1 Rg8 24. Be5 Bd5 25. Be8 f6 26. Qa6+
Bb7 27. Qd3 Bd5 28. Bf7 Rh8 29. fxe6 Nxe6 30. Qxd5 Qxd5 31. Rxd5 Ng5 32. Bxf6
gxf6 33. Bg6 Rd8 34. Bf5+ Kc7 35. Rxd8 Kxd8 36. h4 Nf3 37. c3 Ke7 38. Kd1 Kd6
39. Ke2 Ne5 40. b3 Kc5 41. Ke3 Nc6 42. Ke4 Kd6 43. Kf4 Ne7 44. c4 a5 45. Bb1
Ke6 46. Kg4 Kf7 47. Be4 Kg7 48. a3 Nc8 49. b4 axb4 50. axb4 Nd6 51. Bd5 f5+ 52.
Kf4 Kf6 53. c5 bxc5 54. bxc5 Nb5 55. c6 Nc7 56. Bc4 Ne8 57. Bd3 Nd6 58. c7 Ke6
59. Bxf5+ 1-0

[Event "SR 2. liga A 2004/2005"]
[Site "?"]
[Date "2004.12.19"]
[Round "6.8"]
[White "Vyboch, Jozef"]
[Black "Karlik, Lukas"]
[Result "1-0"]
[WhiteElo "1983"]
[BlackElo "1845"]
[PlyCount "69"]
[EventDate "2004.??.??"]

1. e4 d5 2. exd5 Qxd5 3. Nc3 Qa5 4. d4 c6 5. Be2 Nf6 6. Nf3 Bg4 7. O-O e6 8.
Ne5 Bxe2 9. Qxe2 Bb4 10. Ne4 Nxe4 11. Qxe4 O-O 12. Qg4 Be7 13. Bh6 Bf6 14. Rfe1
Kh8 15. Bf4 Qd8 16. Rad1 Nd7 17. Re3 Qe7 18. Rh3 g6 19. Rdd3 Nxe5 20. dxe5 Bg7
21. Rhe3 Qb4 22. Rb3 Qd2 23. h4 h5 24. Qg5 b6 25. Rbd3 Qc1+ 26. Kh2 Qxb2 27. g4
Qxc2 28. Kg2 hxg4 29. h5 f6 30. exf6 Bxf6 31. Qh6+ Kg8 32. hxg6 Rf7 33. gxf7+
Kxf7 34. Rd7+ Ke8 35. Rd6 1-0

[Event "SR 2. liga A 2004/2005"]
[Site "?"]
[Date "2005.01.22"]
[Round "7.1"]
[White "Chovanec, Vladimir"]
[Black "Fraas, Martin"]
[Result "0-1"]
[WhiteElo "2085"]
[BlackElo "2194"]
[PlyCount "70"]
[EventDate "2004.??.??"]

1. Nf3 Nf6 2. g3 e6 3. Bg2 Be7 4. d3 d5 5. Nbd2 c5 6. e4 Nc6 7. O-O O-O 8. Re1
Re8 9. e5 Nd7 10. Nf1 b5 11. h4 Qc7 12. Bf4 Bb7 13. N1h2 d4 14. Ng4 Nb4 15.
Nf6+ Bxf6 16. exf6 e5 17. Nxe5 Bxg2 18. Ng6 Qc6 19. Ne7+ Rxe7 20. fxe7 Nf6 21.
Bg5 Bh1 22. f3 Bxf3 23. Qd2 Nbd5 24. c3 dxc3 25. bxc3 Re8 26. c4 Nc7 27. Re3
Ng4 28. Ree1 Ne6 29. cxb5 Qd5 30. Be3 Rxe7 31. Rac1 Nd4 32. Kf1 Be2+ 33. Rxe2
Qh1+ 34. Bg1 Qf3+ 35. Rf2 Ne3+ 0-1

[Event "SR 2. liga A 2004/2005"]
[Site "?"]
[Date "2005.01.22"]
[Round "7.1"]
[White "Drtina, Milan"]
[Black "Bisco, Igor"]
[Result "1-0"]
[WhiteElo "2301"]
[BlackElo "2177"]
[PlyCount "39"]
[EventDate "2004.??.??"]

1. e4 e5 2. Nf3 Nc6 3. Bb5 a6 4. Ba4 Nf6 5. O-O Be7 6. Re1 b5 7. Bb3 d6 8. a4
Bb7 9. Nc3 O-O 10. Nd5 bxa4 11. Rxa4 a5 12. c3 Nd7 13. d4 Nb6 14. Ra1 a4 15.
Bxa4 Nxa4 16. Rxa4 Qd7 17. Rxa8 Rxa8 18. dxe5 Nxe5 19. Nxe5 dxe5 20. Nf6+ 1-0

[Event "SR 2. liga A 2004/2005"]
[Site "?"]
[Date "2005.01.22"]
[Round "7.1"]
[White "Harasta, Vladimir"]
[Black "Likavsky, Tomas"]
[Result "0-1"]
[WhiteElo "2122"]
[BlackElo "2465"]
[PlyCount "142"]
[EventDate "2004.??.??"]

1. c4 e6 2. Nc3 d5 3. d4 Nf6 4. Bg5 Nbd7 5. e3 c6 6. Nf3 Qa5 7. Nd2 dxc4 8.
Bxf6 Nxf6 9. Nxc4 Qc7 10. Rc1 Be7 11. g3 O-O 12. Bg2 Rd8 13. Qc2 Bd7 14. Ne5
Be8 15. O-O Rac8 16. Nd3 b6 17. b4 c5 18. bxc5 bxc5 19. dxc5 Bxc5 20. Ne4 Nxe4
21. Bxe4 Bb6 22. Qxc7 Rxc7 23. Rxc7 Bxc7 24. Rc1 Bb6 25. Ne5 f6 26. Nc4 Rc8 27.
Rc2 Bd8 28. Nd6 Rxc2 29. Bxc2 Bd7 30. Bd3 Bc6 31. Bc4 Bd7 32. Bb5 Bxb5 33. Nxb5
a6 34. Nd4 Kf7 35. Kf1 Bb6 36. Nb3 f5 37. Ke2 g5 38. h3 h5 39. f3 g4 40. hxg4
hxg4 41. Nd2 Bc7 42. fxg4 fxg4 43. Ne4 Kg6 44. Kd3 Kf5 45. Kd4 a5 46. Kd3 Be5
47. a4 Bb8 48. Kd4 Bc7 49. Nc5 Be5+ 50. Kd3 Bxg3 51. e4+ Kf6 52. Ke3 Bc7 53.
Nd3 Kg5 54. Kf2 g3+ 55. Kf3 Kh4 56. Kg2 Kg4 57. Nc5 e5 58. Nd3 Bd6 59. Nc1 Kf4
60. Ne2+ Kxe4 61. Nxg3+ Kf4 62. Nh5+ Ke3 63. Ng3 Bc5 64. Nf1+ Kd3 65. Ng3 Kc4
66. Kf3 Kb4 67. Ke4 Kxa4 68. Kxe5 Kb3 69. Kd5 a4 70. Ne4 a3 71. Kxc5 Kb2 0-1

[Event "SR 2. liga A 2004/2005"]
[Site "?"]
[Date "2005.01.22"]
[Round "7.1"]
[White "Lesny, Stefan"]
[Black "Rohacek, Miroslav"]
[Result "0-1"]
[WhiteElo "2242"]
[BlackElo "2077"]
[PlyCount "54"]
[EventDate "2004.??.??"]

1. e4 c5 2. f4 d5 3. e5 Nc6 4. Nf3 Bg4 5. c3 e6 6. d3 h5 7. Be2 Nh6 8. Be3 Nf5
9. Bf2 Be7 10. Nbd2 Qc7 11. h4 f6 12. exf6 gxf6 13. g3 O-O-O 14. Ng1 Rhg8 15.
Qa4 e5 16. Bxg4 Rxg4 17. Ne2 Bd6 18. Qb3 Nce7 19. O-O-O exf4 20. gxf4 Bxf4 21.
Nxf4 Rxf4 22. Rdf1 Ng6 23. Qd1 d4 24. Qxh5 dxc3 25. Qxg6 cxd2+ 26. Kxd2 Rf3 27.
Be3 Qa5+ 0-1